Complementos argumentales del verbo: directo, indirecto, suplemento y agente

Furkejuvvon:
Bibliográfalaš dieđut
Váldodahkki: Porto Dapena, José Alvaro (Dahkki)
Materiálatiipa: Girji
Giella:espánnjágiella
Almmustuhtton: Madrid Arco Libros 2002
Preanttus:4a. ed
Ráidu:Cuadernos de Lengua Española
Fáttát:
Fáddágilkorat: Lasit fáddágilkoriid
Eai fáddágilkorat, Lasit vuosttaš fáddágilkora!

MARC

LEADER 00000nam a2200000 a 4500
001 UCL0436
003 CL-VaPUC
008 030711e20020000SP |||||||||||||||||spa|d
020 |a 8476351127 
082 0 4 |a 461.5  |b POR  |2 21 
100 0 |a Porto Dapena, José Alvaro  |e author  |9 477123 
245 1 0 |a Complementos argumentales del verbo: directo, indirecto, suplemento y agente 
250 |a 4a. ed 
300 |a 62 p 
942 |c BK 
945 |d 20030711 00:00:00  |a cmena 
260 |a Madrid  |b Arco Libros  |c 2002 
650 7 |a LENGUAJE ESPAÑOL  |2 CL-VaPUC  |9 477124 
650 0 |a Verbos  |9 310738 
650 0 |a Gramática española  |9 403055 
583 |a last modification  |c 20030711 00:00:00  |k Rodrigo Vera 
490 0 |a Cuadernos de Lengua Española 
999 |c 304308  |d 304306 
952 |0 0  |1 0  |4 0  |6 461_500000000000000_POR_2002  |7 0  |8 A  |9 366308  |a FDOPOS  |b FDOPOS  |d 2019-11-21  |i 3920631  |o 461.5 POR 2002  |p 3920631  |r 2025-01-22  |w 2019-11-21  |y BK  |k MLA